| 000 | 00709nam a22002417a 4500 | ||
|---|---|---|---|
| 003 | KOHA_MİRAKIL | ||
| 005 | 20260427063525.0 | ||
| 008 | 260421b tu ||||| |||| 00| 0 tur d | ||
| 020 | _a9786057702586 | ||
| 040 |
_aTR-AnABB _btur _cTR-AnABB |
||
| 041 | _atur | ||
| 082 |
_a297.624 _bHAC 2020 |
||
| 100 | 1 | _aHacıfazlıoğlu, Erkan | |
| 245 | 1 | 0 |
_aGeçmişten günümüze Haşhaşi tarikatı / _cErkan Hacıfazlıoğlu |
| 246 | _aHaşhaşi tarikatı | ||
| 250 | _a1. baskı | ||
| 260 |
_aAnkara : _bAltınordu Yayınevi, _c2020 |
||
| 300 |
_a312 sayfa ; _c20 cm |
||
| 650 | 0 | 4 | _aBatınilik |
| 650 | 0 | 4 | _aHaşhaşi tarikatı |
| 900 | _bCan ÇELIK | ||
| 942 |
_2ddc _cBK |
||
| 999 |
_c10315 _d10315 |
||